[Event "CZE-chT1W 2122"]
[Site "Czech Republic"]
[Date "2022.02.20"]
[Round "9.6"]
[White "Jirovsky, Milos"]
[Black "Jansa, Vlastimil"]
[Result "1/2-1/2"]
[WhiteElo "2452"]
[BlackElo "2420"]
[PlyCount "33"]
[EventDate "2021.10.10"]
[EventType "team-tourn"]
[EventRounds "11"]
[EventCountry "CZE"]
[SourceTitle "EXT 2023"]
[Source "ChessBase"]
[SourceDate "2022.10.05"]
[SourceVersion "1"]
[SourceVersionDate "2022.10.05"]
[SourceQuality "1"]
[WhiteTeam "Pankrac"]
[BlackTeam "Lysa nad Labem III"]
[WhiteTeamCountry "CZE"]
[BlackTeamCountry "CZE"]

1. d4 Nf6 2. Bg5 d5 3. e3 Bg4 4. f3 Bf5 5. c4 c6 6. Nc3 Nbd7 7. Bd3 Bxd3 8. Qxd3 dxc4 9. Qxc4 Qa5 10. Nh3 e5 11. 0-0-0 Be7 12. Bxf6 Bxf6 13. d5 0-0 14. dxc6 Nb6 15. Qb5 Qxb5 16. Nxb5 Rfc8 17. Kb1 1/2-1/2

[Event "CZE-chT 2122"]
[Site "Czech Republic"]
[Date "2022.01.30"]
[Round "8.2"]
[White "Rydl, Jiri"]
[Black "Jirovsky, Milos"]
[Result "1/2-1/2"]
[WhiteElo "2424"]
[BlackElo "2452"]
[PlyCount "77"]
[EventDate "2021.10.15"]
[EventType "team-tourn"]
[EventRounds "15"]
[EventCountry "CZE"]
[SourceTitle "EXT 2023"]
[Source "ChessBase"]
[SourceDate "2022.10.05"]
[SourceVersion "1"]
[SourceVersionDate "2022.10.05"]
[SourceQuality "1"]
[WhiteTeam "Unichess"]
[BlackTeam "Pardubice"]
[WhiteTeamCountry "CZE"]
[BlackTeamCountry "CZE"]

1. c4 c5 2. g3 g6 3. Bg2 Bg7 4. Nc3 Nc6 5. Nf3 e6 6. d4 cxd4 7. Nb5 d5 8. cxd5 Qa5+ 9. Qd2 Qxb5 10. dxc6 Ne7 11. a4 Qc4 12. b4 Nxc6 13. b5 Ne5 14. Nxe5 Bxe5 15. Bb2 0-0 16. 0-0 Qc7 17. Rac1 Qd6 18. Rfd1 Rd8 19. e3 a6 20. Qa5 Bf6 21. exd4 b6 22. Qc3 Ra7 23. Ba3 Qb8 24. a5 Rad7 25. axb6 Qxb6 26. Bc5 Qxb5 27. Bf3 Bb7 28. Rb1 Qxc5 29. Qxc5 Bxf3 30. Rd2 Bxd4 31. Qa3 Be4 32. Re1 Bb7 33. Qa4 Rd6 34. Kf1 e5 35. Qa3 Bc6 36. Red1 Bb5+ 37. Kg2 Bc6+ 38. Kf1 Bb5+ 39. Kg2 1/2-1/2

[Event "CZE-chT 2122"]
[Site "Czech Republic"]
[Date "2021.12.18"]
[Round "5.5"]
[White "Kislinsky, Alexey"]
[Black "Jirovsky, Milos"]
[Result "1/2-1/2"]
[WhiteElo "2335"]
[BlackElo "2452"]
[PlyCount "79"]
[EventDate "2021.10.15"]
[EventType "team-tourn"]
[EventRounds "15"]
[EventCountry "CZE"]
[SourceTitle "EXT 2023"]
[Source "ChessBase"]
[SourceDate "2022.10.05"]
[SourceVersion "1"]
[SourceVersionDate "2022.10.05"]
[SourceQuality "1"]
[WhiteTeam "Lysa nad Labem"]
[BlackTeam "Pardubice"]
[WhiteTeamCountry "CSR"]
[BlackTeamCountry "CZE"]

1. e4 c5 2. Nc3 g6 3. Nf3 Bg7 4. d4 cxd4 5. Nxd4 Nc6 6. Be3 Nf6 7. Bc4 0-0 8. Bb3 d6 9. f3 Bd7 10. h4 a5 11. a4 Nxd4 12. Bxd4 Be6 13. g4 Bxb3 14. cxb3 e6 15. h5 Qe7 16. Qd2 Rfc8 17. Rd1 Ra6 18. Qh2 g5 19. h6 Bh8 20. Nb5 Ne8 21. Bxh8 Kxh8 22. 0-0 Rc5 23. Rd3 Rac6 24. Rfd1 Rc1 25. Qd2 Rxd1+ 26. Qxd1 Qd8 27. Kg2 Qf6 28. Rc3 Qe5 29. Qd2 Rxc3 30. bxc3 Kg8 31. Qe3 Kf8 32. Na3 d5 33. Qc5+ Qd6 34. Qxd6+ Nxd6 35. exd5 exd5 36. Kf2 Ke7 37. Ke3 f5 38. Kd4 fxg4 39. fxg4 Nf7 40. Kxd5 1/2-1/2

[Event "CZE-ch Betsys Online Blitz"]
[Site "Chess.com INT"]
[Date "2021.04.17"]
[Round "6"]
[White "Frank, Adam"]
[Black "Jirovsky, Milos"]
[Result "1-0"]
[WhiteElo "2238"]
[BlackElo "2452"]
[PlyCount "115"]
[EventDate "2021.04.17"]
[EventType "swiss (blitz)"]
[EventRounds "13"]
[EventCountry "CZE"]
[SourceTitle "CBM 201 Extra"]
[Source "ChessBase"]
[SourceDate "2021.05.31"]
[SourceVersion "1"]
[SourceVersionDate "2021.05.31"]
[SourceQuality "1"]

1. e4 d5 2. exd5 Qxd5 3. Nc3 Qd6 4. d4 Nf6 5. Bc4 a6 6. a4 Nc6 7. Nge2 Bf5 8. 0-0 Nb4 9. Bf4 Qd7 10. Bb3 e6 11. Re1 Be7 12. Ng3 Bg6 13. h4 h6 14. h5 Bh7 15. Qe2 c6 16. Rad1 0-0 17. Be5 Rfe8 18. Nce4 Nbd5 19. Nc5 Qc8 20. a5 Bf8 21. Nge4 Nxe4 22. Nxe4 f6 23. Bg3 Kh8 24. Nd6 Bxd6 25. Bxd6 Qd7 26. Bg3 Bg8 27. c4 Nc7 28. Bc2 Rad8 29. Qe4 Re7 30. b4 Ne8 31. d5 cxd5 32. cxd5 e5 33. f4 Nd6 34. Qe2 e4 35. Bf2 Rde8 36. Bc5 f5 37. Bb3 Bf7 38. Rc1 Rd8 39. Bb6 Rc8 40. Rxc8+ Qxc8 41. Bc5 Rd7 42. Rc1 Qd8 43. Qd1 Kh7 44. Ba4 Re7 45. Qd4 Bxh5 46. Bb6 Qf8 47. Qc5 Rf7 48. Bc7 Nb5 49. Be5 Qxc5+ 50. bxc5 Rd7 51. Bxb5 axb5 52. c6 bxc6 53. dxc6 Rd8 54. c7 Rc8 55. a6 Be8 56. a7 Bd7 57. Rd1 Bc6 58. Rd8 1-0

[Event "CZE-ch Betsys Online Blitz"]
[Site "Chess.com INT"]
[Date "2021.04.17"]
[Round "5"]
[White "Jirovsky, Milos"]
[Black "Vrana, Jan"]
[Result "0-1"]
[WhiteElo "2452"]
[BlackElo "2409"]
[PlyCount "112"]
[EventDate "2021.04.17"]
[EventType "swiss (blitz)"]
[EventRounds "13"]
[EventCountry "CZE"]
[SourceTitle "CBM 201 Extra"]
[Source "ChessBase"]
[SourceDate "2021.05.31"]
[SourceVersion "1"]
[SourceVersionDate "2021.05.31"]
[SourceQuality "1"]

1. Nf3 Nf6 2. c4 e6 3. g3 d5 4. Bg2 dxc4 5. Qa4+ Nbd7 6. Qxc4 c5 7. 0-0 a6 8. a4 b5 9. Qc2 Bb7 10. d3 Bd6 11. Nc3 b4 12. Nd1 0-0 13. Ne3 Nd5 14. Nc4 Be7 15. a5 Bc6 16. e4 Nc7 17. Be3 Nb5 18. Rfc1 Rc8 19. h4 f6 20. Qb3 Kh8 21. Bh3 f5 22. Nfe5 Nxe5 23. Nxe5 Nd4 24. Bxd4 Qxd4 25. Qxe6 fxe4 26. Nf7+ Rxf7 27. Qxc8+ Rf8 28. Qxc6 Qxf2+ 29. Kh1 Qxg3 30. Bg2 Bd6 31. Qxd6 Qxd6 32. dxe4 Qg3 33. Rf1 Qxh4+ 34. Kg1 Rxf1+ 35. Rxf1 g6 36. b3 Qg3 37. Rf3 Qe5 38. Re3 Kg7 39. Bf1 h5 40. Bxa6 Qf6 41. Bc4 Qd4 42. Kf2 g5 43. e5 Kf8 44. e6 Ke7 45. a6 Qd2+ 46. Kf3 g4+ 47. Ke4 Qd4+ 48. Kf5 Qxe3 49. a7 Qf3+ 50. Kg5 Qa8 51. Kxh5 Qxa7 52. Kxg4 Qa1 53. Kf5 Qf6+ 54. Ke4 Kd6 55. Kd3 Qd4+ 56. Ke2 Ke5 0-1

[Event "CZE-ch Betsys Online Blitz"]
[Site "Chess.com INT"]
[Date "2021.04.17"]
[Round "4"]
[White "Langner, Ladislav"]
[Black "Jirovsky, Milos"]
[Result "0-1"]
[WhiteElo "2380"]
[BlackElo "2452"]
[PlyCount "106"]
[EventDate "2021.04.17"]
[EventType "swiss (blitz)"]
[EventRounds "13"]
[EventCountry "CZE"]
[SourceTitle "CBM 201 Extra"]
[Source "ChessBase"]
[SourceDate "2021.05.31"]
[SourceVersion "1"]
[SourceVersionDate "2021.05.31"]
[SourceQuality "1"]

1. e4 d5 2. exd5 Qxd5 3. Nc3 Qd6 4. d4 Nf6 5. Nf3 c6 6. g3 Bg4 7. Bf4 Qd8 8. Bg2 e6 9. 0-0 Be7 10. h3 Bh5 11. Qd2 Nbd7 12. Ne5 0-0 13. Rfe1 a5 14. a3 Nxe5 15. Bxe5 Re8 16. Ne4 Bg6 17. Nxf6+ Bxf6 18. c3 a4 19. Rad1 Ra5 20. Qf4 Rb5 21. Bxf6 Qxf6 22. Qxf6 gxf6 23. Rd2 Ra8 24. Bf1 Rd5 25. Bc4 Rd6 26. Red1 Rad8 27. f4 h5 28. Kf2 Kf8 29. Ke3 Ke7 30. Bd3 Bxd3 31. Rxd3 f5 32. Ke2 Rd5 33. R1d2 b5 34. Rd1 Kd6 35. Ke3 Kc7 36. Ke2 Kb6 37. R1d2 c5 38. dxc5+ Kxc5 39. Ke3 Rxd3+ 40. Rxd3 Rxd3+ 41. Kxd3 f6 42. Kd2 Kc4 43. Kc2 e5 44. Kd2 Kb3 45. Kc1 e4 46. Kb1 e3 47. Kc1 e2 48. Kd2 Kxb2 49. Kxe2 Kxc3 50. Ke3 b4 51. axb4 a3 52. b5 a2 53. b6 a1Q 0-1

[Event "Titled Tuesday intern op 02nd Feb"]
[Site "Chess.com INT"]
[Date "2021.02.02"]
[Round "2"]
[White "Jirovsky, Milos"]
[Black "Dobre, Claudiu Cristian"]
[Result "1-0"]
[WhiteElo "2452"]
[BlackElo "2314"]
[PlyCount "101"]
[EventDate "2021.02.02"]
[EventType "swiss (blitz)"]
[EventRounds "11"]
[EventCountry "USA"]
[SourceTitle "CBM 200 Extra"]
[Source "ChessBase"]
[SourceDate "2021.03.31"]
[SourceVersion "1"]
[SourceVersionDate "2021.03.31"]
[SourceQuality "1"]

1. Nf3 d5 2. c4 c6 3. e3 Nf6 4. Nc3 Bg4 5. cxd5 Bxf3 6. Qxf3 cxd5 7. Bb5+ Nc6 8. Bxc6+ bxc6 9. 0-0 e6 10. b3 Be7 11. Bb2 0-0 12. Rfc1 Nd7 13. Na4 Rc8 14. Rc2 Qa5 15. Rac1 Qb5 16. Qg3 Bf6 17. Bxf6 Nxf6 18. d4 Ne4 19. Qf3 f5 20. g3 g5 21. Nc5 Rf6 22. Nxe4 dxe4 23. Qh5 Rg6 24. Rc5 Qa6 25. R1c2 Kg7 26. Qe2 Qxe2 27. Rxe2 Rf6 28. Rec2 Kg6 29. Rxc6 Rxc6 30. Rxc6 f4 31. b4 fxe3 32. fxe3 h5 33. b5 h4 34. Kg2 hxg3 35. hxg3 Kh5 36. d5 Rf3 37. dxe6 Kg6 38. e7+ Kf7 39. Re6 Ke8 40. Rxe4 Rf5 41. a4 Rc5 42. Kh3 Rc2 43. Kg4 Rg2 44. Re5 Rg1 45. a5 Ra1 46. a6 Rg1 47. e4 Rg2 48. Rxg5 Kxe7 49. Rg7+ Ke6 50. Rxa7 Rb2 51. Rb7 1-0